| 000 | 01073nam a2200265 a 4500 | ||
|---|---|---|---|
| 001 | 000007538 | ||
| 005 | 20240704114906.0 | ||
| 008 | 090909s2001 dr a r 000 0 spa d | ||
| 020 | _a9993448044 | ||
| 040 |
_aDO-SdBNP _bspa _cBNPHU |
||
| 082 |
_a797.124 _bO48c |
||
| 100 | 1 |
_aOliveira Solano, Escipión, _d1927-2000 _920925 |
|
| 245 | 1 | 0 |
_aCuaderno de bitácora / _cEscipión Oliveira ; prólogo Abraham Hazoury Bahles ; edición Aura Celeste Fernández R. |
| 260 |
_aSanto Domingo, : _bUniversidad Iberoamericana, _c2001. |
||
| 300 |
_a443 p. : _bil. ; _c23 cm. |
||
| 590 | _aInventariado, 2018/BT | ||
| 650 | 4 |
_aDeporte de velas _xEnsayos, conferencias, etc. _920926 |
|
| 650 | 4 |
_aNavegación _920927 |
|
| 650 | 4 |
_aDeportes acuáticos _xEnsayos, conferencias, etc. _920928 |
|
| 650 | 4 |
_aDiarios dominicanos _xSecciones, columnas, etc. _944 |
|
| 700 | 1 |
_aHazoury Bahles, Abraham, _epról. _920929 |
|
| 700 | 1 |
_aFernández Rodríguez, Aura Celeste, _d1959- _eed. _976547 |
|
| 730 | 0 |
_aÚltima Hora (República Dominicana) _920930 |
|
| 910 | _aValidado. Control de calidad. EMS | ||
| 999 |
_c7319 _d7319 |
||